[Event "FRA-chT1B 0809"]
[Site "France"]
[Date "2008.11.23"]
[Round "3.8"]
[White "Marchais, Aurelie"]
[Black "Descroix, Maia"]
[Result "1-0"]
[WhiteElo "1780"]
[BlackElo "1499"]
[PlyCount "43"]
[EventDate "2008.10.19"]
[EventType "team-tourn"]
[EventRounds "11"]
[EventCountry "FRA"]
[SourceTitle "EXT 2010"]
[Source "ChessBase"]
[SourceDate "2010.11.25"]
[SourceVersion "1"]
[SourceVersionDate "2010.11.25"]
[SourceQuality "1"]
[WhiteTeam "Niort"]
[BlackTeam "Vincennes"]
[WhiteTeamCountry "FRA"]
[BlackTeamCountry "FRA"]

1. e4 e5 2. Nc3 d6 3. g3 Nf6 4. Bg2 Nc6 5. Nge2 Be6 6. 0-0 Be7 7. Nd5 Ng4 8. c3 0-0 9. d4 a6 10. Nxe7+ Qxe7 11. d5 Qf6 12. dxe6 Qh6 13. Bxh6 gxh6 14. exf7+ Rxf7 15. Qd2 Raf8 16. f4 Re7 17. fxe5 Rg7 18. e6 Re7 19. Rxf8+ Kxf8 20. Qf4+ Nf6 21. Qxf6+ Ke8 22. Qh8# 1-0